सृष्टि का आरम्भ / (Record no. 167669)
[ view plain ]
| 000 -LEADER | |
|---|---|
| fixed length control field | 01272nam a22002897a 4500 |
| 003 - CONTROL NUMBER IDENTIFIER | |
| control field | dpl |
| 005 - DATE AND TIME OF LATEST TRANSACTION | |
| control field | 20190916155228.0 |
| 008 - FIXED-LENGTH DATA ELEMENTS--GENERAL INFORMATION | |
| fixed length control field | 190305b ||||| |||| 00| 0 eng d |
| 010 ## - LIBRARY OF CONGRESS CONTROL NUMBER | |
| LC control number | B-143289 ,B-143314 |
| 020 ## - INTERNATIONAL STANDARD BOOK NUMBER | |
| Terms of availability | 90.00 |
| International Standard Book Number | 8190155660 |
| 035 ## - SYSTEM CONTROL NUMBER | |
| System control number | B-143289 , B-143314 |
| 037 ## - SOURCE OF ACQUISITION | |
| Source of stock number/acquisition | Cen Lib/Ret |
| 040 ## - CATALOGING SOURCE | |
| Original cataloging agency | DPL |
| Language of cataloging | HN |
| Transcribing agency | 0 |
| 082 ## - DEWEY DECIMAL CLASSIFICATION NUMBER | |
| Classification number | 822 |
| Item number | बर्नार्ड |
| 100 ## - MAIN ENTRY--PERSONAL NAME | |
| Personal name | बर्नार्ड शॉ |
| 9 (RLIN) | 58239 |
| 245 ## - TITLE STATEMENT | |
| Title | सृष्टि का आरम्भ / |
| Statement of responsibility, etc | बर्नार्ड शॉ ; रूपांतरण प्रेमचंद |
| 246 ## - VARYING FORM OF TITLE | |
| Title proper/short title | Srishti ka arambh / |
| Remainder of title | by Barbard Shaw ; roppantkaar Premchand |
| 260 ## - PUBLICATION, DISTRIBUTION, ETC. (IMPRINT) | |
| Place of publication, distribution, etc | गाज़ियाबाद |
| Name of publisher, distributor, etc | विज्ञान भारती |
| Date of publication, distribution, etc | 2004 |
| 270 ## - ADDRESS | |
| City | गाज़ियाबाद |
| Address | बी-78, सूर्यानगर |
| 300 ## - PHYSICAL DESCRIPTION | |
| Extent | 64पृ.: |
| Dimensions | 20सेमी(सजिल्द ) |
| Other physical details | सचित्र |
| 650 ## - SUBJECT ADDED ENTRY--TOPICAL TERM | |
| Topical term or geographic name as entry element | साहित्य--नाटक |
| General subdivision | |
| Geographic subdivision | |
| 9 (RLIN) | 142339 |
| 650 ## - SUBJECT ADDED ENTRY--TOPICAL TERM | |
| Topical term or geographic name as entry element | अंग्रेजी--नाटक |
| 9 (RLIN) | 142340 |
| 650 ## - SUBJECT ADDED ENTRY--TOPICAL TERM | |
| Topical term or geographic name as entry element | Literature--drama |
| 9 (RLIN) | 142341 |
| 650 ## - SUBJECT ADDED ENTRY--TOPICAL TERM | |
| Topical term or geographic name as entry element | English--drama |
| 9 (RLIN) | 142342 |
| 700 ## - ADDED ENTRY--PERSONAL NAME | |
| Personal name | प्रेमचंद |
| 9 (RLIN) | 142343 |
| 942 ## - ADDED ENTRY ELEMENTS (KOHA) | |
| Source of classification or shelving scheme | Dewey Decimal Classification |
| Koha item type | Hindi Books |
| Classification part | 822 |
| Call number suffix | बर्नार्ड |
| Call number prefix | 822/बनार्ड |
No items available.
